| 000 | 00422nam a2200145 a 4500 | ||
|---|---|---|---|
| 001 | 000044590 | ||
| 005 | 20201002045501.0 | ||
| 008 | 140721s192u ag 000 0 spa d | ||
| 040 |
_aDO-SdBNP _bspa _cBNPHU |
||
| 082 |
_axxxx _bxxxx |
||
| 100 | 1 |
_aDiderot, Dionisio _d1713-1784. _972619 |
|
| 245 | 1 | 0 |
_aObras filosóficas / _cDionisio Diderot. |
| 260 |
_aBuenos Aires : _bEditorial Tor, _c[192-?]. |
||
| 300 |
_a186 p. ; _c19 cm. |
||
| 999 |
_c44079 _d44079 |
||